|
|
|
|
| LEADER |
01234nam a22003132a 4500 |
| 001 |
000867987 |
| 003 |
CZ BrMZK |
| 005 |
20070927075603.0 |
| 007 |
ta |
| 008 |
070927s1986 xr af er|||||||||||cze d |
| 015 |
|
|
|a cnb000014941
|
| 035 |
|
|
|a (OCoLC)85580078
|
| 040 |
|
|
|a BOA001
|b cze
|
| 080 |
9 |
|
|a 630.31(075.8)
|
| 080 |
9 |
|
|a 378.663
|
| 100 |
1 |
|
|a Rada, Otakar
|7 jo2005273872
|4 aut
|
| 245 |
1 |
0 |
|a Lesní těžba :
|b (příručka pro cvičení) /
|c Otakar Rada
|
| 250 |
|
|
|a 1. vyd.
|
| 260 |
|
|
|a Brno :
|b Vysoká škola zemědělská,
|c 1986
|
| 300 |
|
|
|a 109 s., obr. příl. :
|b il.
|
| 910 |
|
|
|a BOA001
|b 4-0906.250
|
| 964 |
|
|
|a Lesní těžba - učebnice - vysoké školy
|
| 990 |
|
|
|a BK
|
| 991 |
|
|
|b 200709
|
| 996 |
6 |
|
|b BC-484467
|c 4-0906.250
|l MZK
|r Sklad / do 1 hodiny
|n 0
|w 000867987
|u 000010
|a 1
|e BOA001
|j MZK50
|s P
|
| 996 |
6 |
|
|b BC-484468
|c 4-0906.250
|l MZK
|r Sklad / do 1 hodiny
|n 0
|w 000867987
|u 000020
|a 1
|e BOA001
|j MZK50
|s P
|
| 996 |
6 |
|
|b BC-484469
|c 4-0906.250
|l MZK
|r Sklad / do 1 hodiny
|n 0
|w 000867987
|u 000030
|a 1
|e BOA001
|j MZK50
|s P
|
| 996 |
6 |
|
|b BC-484470
|c 4-0906.250
|l MZK
|r Sklad / do 1 hodiny
|n 0
|w 000867987
|u 000040
|a 1
|e BOA001
|j MZK50
|s P
|
| 996 |
6 |
|
|b BC-484471
|c 4-0906.250
|l MZK
|r Sklad / do 1 hodiny
|n 0
|w 000867987
|u 000050
|a 1
|e BOA001
|j MZK50
|s P
|